Odhaľovanie systémových chýb pri procese lakovania na základe big data analýzy
Gespeichert in:
| 1. Verfasser: | |
|---|---|
| Weitere Verfasser: | |
| Format: | Manuskript Buch |
| Sprache: | Slowakisch Englisch |
| Veröffentlicht: |
2022
|
| Schlagworte: | |
| Online-Zugang: | http://is.stuba.sk/zp/portal_zp.pl?podrobnosti=155007 |
| Tags: |
Keine Tags, Fügen Sie das erste Tag hinzu!
|
MARC
| LEADER | 00000ntm a22000003a 4500 | ||
|---|---|---|---|
| 001 | stuzp88024 | ||
| 003 | SK-STU | ||
| 005 | 20220625210805.1 | ||
| 007 | ta | ||
| 008 | 150427s2015----xo-----f-mn---000-0-slo-d | ||
| 040 | |a STU |b slo | ||
| 041 | 0 | |a eng | |
| 100 | 1 | |a Katkovčin, Martin |u 070400 |4 aut |U FIIT Fakulta informatiky a informačných technológií |T FIIT Ústav počítačového inžinierstva a aplikovanej informatiky |X 102983 |U I400 |Y 672 |7 102983 | |
| 242 | 0 | 1 | |a Odhaľovanie systémových chýb pri procese lakovania na základe big data analýzy |y slo |
| 245 | 1 | 0 | |a Odhaľovanie systémových chýb pri procese lakovania na základe big data analýzy |
| 260 | |c 2022 | ||
| 650 | 4 | |a Big data |2 slo | |
| 650 | 4 | |a automobilový priemysel |2 slo | |
| 650 | 4 | |a dátová analýza |2 slo | |
| 650 | 4 | |a lak karosérie |2 slo | |
| 650 | 4 | |a Big data |2 eng | |
| 650 | 4 | |a automotive industry |2 eng | |
| 650 | 4 | |a car body paint |2 eng | |
| 650 | 4 | |a data analysis |2 eng | |
| 700 | 1 | |a Galinski, Marek |u 070400 |k Z1 |4 ths |U FIIT Fakulta informatiky a informačných technológií |T FIIT Ústav počítačového inžinierstva a aplikovanej informatiky |X 8412 |U I400 |Y 672 |7 8412 | |
| 856 | 4 | |u http://is.stuba.sk/zp/portal_zp.pl?podrobnosti=155007 | |